000 00575nam a2200181Ia 4500
008 240729s9999 xx 000 0 und d
022 _a1778-3593
245 0 _aGeodinamica Acta
260 _aUnited Kingdom
260 _bTaylor & Francis Group
650 _a Engineering (General). Civil engineering (General)
650 _a Engineering geology. Rock mechanics. Soil mechanics. Underground construction | Science
650 _a Geology
650 _aTechnology
856 _uhttps://doaj.org/toc/391334cb48d442cfaf7c8d36d0426a3c
942 _2ddc
942 _cDOAJEJ
999 _c66379
_d66379
945 _a1
_bMadushi Gamage
_c1
_dMadushi Gamage